Normal view
MARC view
- Yang, Fan,
Entry Personal Name
001 - CONTROL NUMBER
- control field: 28761
003 - CONTROL NUMBER IDENTIFIER
- control field: NUST
005 - DATE AND TIME OF LATEST TRANSACTION
- control field: 20200302121647.0
008 - FIXED-LENGTH DATA ELEMENTS
- fixed length control field: 200302|| aca||aabn | a|a d
040 ## - CATALOGING SOURCE
- Original cataloging agency: NUST
- Transcribing agency: NUST
100 ## - HEADING--PERSONAL NAME
- Personal name: Yang, Fan,
- Dates associated with a name: 1975-
670 ## - SOURCE DATA FOUND
- Source citation: Work cat.: (NUST)0: Nayeri, Payam, author. 28759, Reflectarray antennas :
